000 00754cam a2200241 4500
001 ABS64236
008 010727n2001 000 0 eng u
035 _a(Sirsi) u113838
245 _aFocus 2001: City of Newcastle
260 _c2001
490 _aProperty Week
_v(0128) 14 July 2001, 93-107(9)
590 _aABS
650 _aNEWCASTLE
650 _aPROPERTY-COMMERCIAL PROPERTY-RETAIL PROPERTY-RETAIL PROPERTY MARKET
650 _aPROPERTY-COMMERCIAL PROPERTY-OFFICE PROPERTY-OFFICE PROPERTY MARKET
650 _aINDUSTRIAL MARKET
650 _aREGENERATION
650 _aLEISURE MARKET
650 _aGATESHEAD
650 _aRESIDENTIAL DEVELOPMENT
690 _aPROPERTY-COMMERCIAL PROPERTY-COMMERCIAL PROPERTY MARKET
942 _n0
999 _c67820
_d67820